1292 1244 1197 1799 1470 1660 1078 1274 1195 1436 1130 1595 1358 1608 1656 1492 1383 1407 1488 1118 1857 1010 1449 1878 1161 1972 1865 1611 1841 1357 1066 1444 1586 1030 1058 1031 1928 1851 1327 1019 1042 1780 1557 1128 1610 1894 1335 1126 1190 1995 1305 1163 1069 1608 1743 1885 1619 1691 1054 1573 1305 1341 1805 1562 1623 1243 1584 1160 1421 1048 1397 1949 1597 1192 1459 1316 1232 1404 1124 1031 1523 1676 1682 1759 1605 1267 1741 1018 1856 1990 1976 1078 1963 1244 1449 1835 1551 1078 1347 BCNSPRNW ULIB Ver.6.0+V

เปลี่ยนเป็นภาษาไทย

Change to English
 แสดงรายละเอียดบรรณานุกรม
  กลับหน้าหลัก

Brief Record : Get Marc (ISO 2709) : E-mail record : QR code < ปิดหน้าต่าง
LEADER : 00000nam 2200000uu 4500
001    13399125272
003     ULIB
008    170327s2558||||th 000 0 tha d
020    ^a9786162960925
060  0 ^aWJ168 ป458ท
100 0  ^aปริญญา อัครานุรักษ์กุล
245 00 ^aเทคนิคการผ่าตัดวางสายล้างไตทางช่องท้อง=^bOperative Teachniques in Peritoneal Dialysis Catheter Placement/^cปริญญา อัครานุรักษ์กุล
260    ^aปทุมธานี:^bบริษัท เลเบล คอนเวอร์เตอร์ซ;^c2558
300    ^a200 หน้า:^bภาพประกอบ;^c26ซม.
650  0 ^aเทคนิคการผ่าตัดวางสายล้างไตทางช่องท้อง^xOperative Teachniques in Peritoneal Dialysis Catheter Placement
945    ^p0^l0^i001675
945    ^p0^l0^i001676
999    ^aวรรณษา ชูชัยมงคล
รายการนี้ยังไม่มีแท็ก
คุณยังไม่ได้ล็อกอิน คุณสามารถมีกิจกรรมร่วมกับเว็บไซต์ได้ แต่ต้องล็อกอินก่อน ::
  ล็อกอิน

รายการสื่อสารสนเทศ

ลำดับที่ ประเภท เลขเรียก/บาร์โค้ด สถานที่ สถานะ
1. วิทยาศาสตร์การแพทย์ และสุขภาพ
วิทยาศาสตร์การแพทย์ และสุขภาพ
สถานะ=หนังสือเก่า
WJ168 ป458ท ฉ.1 
  Barcode: 001675
ห้องสมุดวิทยาเขตสวรรค์ประชารักษ์
►ส่วนจัดเก็บหนังสือเก่า สปร
บนชั้น
  ขอยืม
2. วิทยาศาสตร์การแพทย์ และสุขภาพ
วิทยาศาสตร์การแพทย์ และสุขภาพ
สถานะ=หนังสือเก่า
WJ168 ป458ท ฉ.2 
  Barcode: 001676
ห้องสมุดวิทยาเขตสวรรค์ประชารักษ์
►ส่วนจัดเก็บหนังสือเก่า สปร
บนชั้น
  ขอยืม

รายการใกล้เคียง
    ผู้แต่ง [ปริญญา อัครานุรักษ์กุล]

BibComment


ยังไม่เคยถูกคอมเมนท์

คอมเมนท์ทรัพยากรรายการนี้
  คอมเมนท์: เทคนิคการผ่าตัดว..


 Copyright 2026. Bcnsprnw @Library